[Event "World Senior Teams +50"]
[Site "Radebeul GER"]
[Date "2016.07.02"]
[Round "7.19"]
[Board "4"]
[White "Salewski, Bernd"]
[Black "Kotter, Michael"]
[Result "1/2-1/2"]
[WhiteElo "2004"]
[BlackElo "2061"]
[WhiteTeam "SG Gruen-Weiss Dresden"]
[BlackTeam "SV Horst-Emscher"]
[WhiteFideId "4655087"]
[BlackFideId "4672267"]
[EventDate "2016.06.26"]

1. d4 d5 2. Nc3 Nf6 3. Bg5 e6 4. e4 dxe4 5. Nxe4 Be7 6. Bxf6 Bxf6 7. Nf3 O-O 8.
c3 b6 9. Bd3 Nd7 10. Qe2 Bb7 11. O-O-O Qe7 12. g4 g6 13. h4 c5 14. h5 Rac8 15.
hxg6 fxg6 16. Kb1 cxd4 17. cxd4 Bd5 18. Rh3 Rf7 19. Qd2 Nf8 20. Re1 Qd8 21. g5
Bg7 22. Qb4 a5 23. Qa4 Rf4 24. Qd1 Rc7 25. Qe2 a4 26. Qe3 Rff7 27. Ne5 Bxe5 28.
dxe5 Bxe4 1/2-1/2

[Event "World Senior Teams +50"]
[Site "Radebeul GER"]
[Date "2016.07.02"]
[Round "7.20"]
[Board "1"]
[White "Simon, Ralf-Axel"]
[Black "Mittermayr, Gerhard"]
[Result "1-0"]
[WhiteTitle "FM"]
[WhiteElo "2113"]
[BlackElo "2101"]
[WhiteTeam "HannoBer"]
[BlackTeam "Oberoesterreich"]
[WhiteFideId "4603125"]
[BlackFideId "1602233"]
[EventDate "2016.06.26"]

1. Nf3 e6 2. c4 f5 3. Nc3 Nf6 4. d4 d5 5. Bf4 c6 6. e3 Bd6 7. Bd3 O-O 8. O-O Ne4
9. cxd5 exd5 10. Bxd6 Qxd6 11. Ne5 Nd7 12. f4 Ndf6 13. Bxe4 fxe4 14. a3 Bd7 15.
b4 a6 16. Na4 Rae8 17. Nc5 Bc8 18. Qe2 Re7 19. Rfc1 Ne8 20. a4 Nc7 21. Kh1 Rf6
22. g4 g5 23. fxg5 Rf3 24. Rg1 Rxe5 25. dxe5 Qxe5 26. Raf1 b6 27. Nb3 Qc3 28.
Rxf3 exf3 29. Qxf3 Qxb3 30. Rf1 Qxb4 31. Qf7+ Kh8 32. Qf6+ Kg8 33. Qd8+ Kg7 34.
Qxc7+ Kg6 35. Qf7+ Kxg5 36. Qh5# 1-0

[Event "World Senior Teams +50"]
[Site "Radebeul GER"]
[Date "2016.07.02"]
[Round "7.20"]
[Board "2"]
[White "Schulz, Peter"]
[Black "Spiess, Thomas"]
[Result "1/2-1/2"]
[WhiteElo "2068"]
[BlackElo "1985"]
[WhiteTeam "Oberoesterreich"]
[BlackTeam "HannoBer"]
[WhiteFideId "1614819"]
[BlackFideId "4646959"]
[EventDate "2016.06.26"]

1. e4 c5 2. Nf3 e6 3. d4 cxd4 4. Nxd4 Nc6 5. Nc3 Qc7 6. Be3 a6 7. Bd3 Nf6 8. Nb3
d6 9. f4 Be7 10. Qf3 b6 11. O-O-O Bb7 12. g4 Nd7 13. g5 Nb4 14. Kb1 O-O-O 15.
Rhe1 Kb8 16. h4 Rc8 17. Qh3 Nxd3 18. cxd3 Rhd8 19. Rc1 Nc5 20. Bd4 g6 21. f5 e5
22. Bg1 Qd7 23. Rcd1 d5 24. Bh2 Qc7 25. f6 Bd6 26. exd5 Nxb3 27. axb3 Qc5 28.
Qg2 Qb4 29. Qd2 Qxb3 30. Bxe5 Bxe5 31. Rxe5 Bxd5 32. Nxd5 Rxd5 33. Rxd5 Qxd5 1/2-1/2

[Event "World Senior Teams +50"]
[Site "Radebeul GER"]
[Date "2016.07.02"]
[Round "7.20"]
[Board "3"]
[White "Hoffmann, Michael4"]
[Black "Doppelhammer, Herbert"]
[Result "1/2-1/2"]
[WhiteElo "1931"]
[BlackElo "2040"]
[WhiteTeam "HannoBer"]
[BlackTeam "Oberoesterreich"]
[WhiteFideId "4694376"]
[BlackFideId "1608738"]
[EventDate "2016.06.26"]

1. d4 Nf6 2. Nf3 g6 3. b3 Bg7 4. Bb2 O-O 5. e3 d6 6. Be2 Nbd7 7. c4 e5 8. Nc3
exd4 9. exd4 Re8 10. O-O c5 11. Re1 a6 12. Qd2 b6 13. Rad1 Bb7 14. d5 Qe7 15.
Bd3 Qf8 16. Ne4 Nxe4 17. Bxe4 Bxb2 18. Qxb2 Qg7 19. Qxg7+ Kxg7 20. Kf1 Re7 21.
Nd2 Rae8 22. f4 Nf6 23. Bf3 Bc8 24. Rxe7 Rxe7 25. Re1 Rxe1+ 1/2-1/2

[Event "World Senior Teams +50"]
[Site "Radebeul GER"]
[Date "2016.07.02"]
[Round "7.21"]
[Board "2"]
[White "Fahland, Matthias"]
[Black "Siebenhuener, Michael"]
[Result "1/2-1/2"]
[WhiteElo "2105"]
[BlackElo "2034"]
[WhiteTeam "Schachklub Heidenau"]
[BlackTeam "TSG Markkleeberg von 1903"]
[WhiteFideId "4698380"]
[BlackFideId "4659805"]
[EventDate "2016.06.26"]

1. e4 e6 2. d4 d5 3. Nc3 Bb4 4. e5 c5 5. a3 Bxc3+ 6. bxc3 Ne7 7. Qg4 O-O 8. Bd3
f5 9. exf6 Rxf6 10. Bg5 Rf7 11. Qh5 g6 12. Qd1 Qa5 13. Bd2 c4 14. Bf1 Nbc6 15.
f4 Nf5 16. g3 Nd6 17. Bg2 Bd7 18. Nf3 Re8 19. O-O Ne4 20. Ne5 Nxd2 21. Qxd2 Nxd4 1/2-1/2

[Event "World Senior Teams +50"]
[Site "Radebeul GER"]
[Date "2016.07.02"]
[Round "7.21"]
[Board "3"]
[White "Nuernberger, Thomas"]
[Black "Wurmb, Peter"]
[Result "1-0"]
[WhiteElo "1983"]
[BlackElo "1993"]
[WhiteTeam "TSG Markkleeberg von 1903"]
[BlackTeam "Schachklub Heidenau"]
[WhiteFideId "12979716"]
[BlackFideId "16203305"]
[EventDate "2016.06.26"]

1. c4 Nf6 2. Nc3 c5 3. g3 Nc6 4. Bg2 e6 5. e4 Be7 6. Nge2 a6 7. d3 d6 8. O-O O-O
9. h3 Qc7 10. f4 Rb8 11. g4 b5 12. Ng3 Nd7 13. f5 Nde5 14. b3 Nb4 15. g5 f6 16.
h4 Nbxd3 17. Be3 bxc4 18. bxc4 Nb2 19. Qh5 fxg5 20. hxg5 Nbxc4 21. Bc1 g6 22.
Qh3 exf5 23. exf5 Qd8 24. Bd5+ Rf7 25. Qh4 Nb6 26. fxg6 Nxd5 27. gxf7+ Nxf7 28.
Nxd5 Bxg5 29. Bxg5 Qxg5 30. Nf6+ Kg7 31. Qxg5+ Nxg5 32. Nfe4 Nh3+ 33. Kg2 Rb2+
34. Kf3 Bb7 35. Nf5+ Kg6 36. Nxd6 Ng5+ 37. Ke3 1-0

[Event "World Senior Teams +50"]
[Site "Radebeul GER"]
[Date "2016.07.02"]
[Round "7.21"]
[Board "4"]
[White "Roser, Ludwig"]
[Black "Beuger, Ronald"]
[Result "1/2-1/2"]
[WhiteElo "1799"]
[BlackElo "1776"]
[WhiteTeam "Schachklub Heidenau"]
[BlackTeam "TSG Markkleeberg von 1903"]
[WhiteFideId "12928119"]
[BlackFideId "24622982"]
[EventDate "2016.06.26"]

1. d4 Nf6 2. Nf3 e6 3. e3 c5 4. Bd3 d5 5. c3 Nc6 6. Nbd2 Be7 7. O-O O-O 8. dxc5
e5 9. e4 Bxc5 10. b4 Bd6 11. b5 Ne7 12. Re1 Qc7 13. Bb2 Ng6 14. exd5 Nxd5 15.
Ne4 Ndf4 16. Bf1 Rd8 17. Nxd6 Rxd6 18. Qc2 f6 19. Ba3 Rd8 20. c4 Bd7 21. c5 Kh8 1/2-1/2

[Event "World Senior Teams +50"]
[Site "Radebeul GER"]
[Date "2016.07.02"]
[Round "7.22"]
[Board "1"]
[White "Goepfert, Jochen"]
[Black "Gempe, Anet"]
[Result "1/2-1/2"]
[BlackTitle "WFM"]
[WhiteElo "1987"]
[BlackElo "2001"]
[WhiteTeam "Blue Wonder"]
[BlackTeam "Germany 2 Women"]
[WhiteFideId "12972878"]
[BlackFideId "4618114"]
[EventDate "2016.06.26"]

1. f4 d5 2. Nf3 Nf6 3. e3 e6 4. b3 Be7 5. Bb2 O-O 6. Bd3 b6 7. O-O Bb7 8. Nc3 c5
9. Qe2 Nc6 10. e4 d4 11. Nd1 Nb4 12. Nf2 Nxd3 13. cxd3 Qc7 14. g3 Rfc8 15. Rfc1
Qd8 16. Qd1 a5 17. a3 h6 18. b4 axb4 1/2-1/2

[Event "World Senior Teams +50"]
[Site "Radebeul GER"]
[Date "2016.07.02"]
[Round "7.22"]
[Board "2"]
[White "Skibbe, Diana"]
[Black "Nauber, Walter"]
[Result "1-0"]
[WhiteTitle "WFM"]
[WhiteElo "2071"]
[BlackElo "1941"]
[WhiteTeam "Germany 2 Women"]
[BlackTeam "Blue Wonder"]
[WhiteFideId "4612698"]
[BlackFideId "16212045"]
[EventDate "2016.06.26"]

1. e4 c5 2. Nf3 e6 3. d4 cxd4 4. Nxd4 a6 5. Bd3 Nf6 6. O-O Qc7 7. Nc3 Be7 8. Qe2
d6 9. Kh1 Nbd7 10. f4 O-O 11. Bd2 g6 12. Rae1 Nc5 13. e5 Nfd7 14. Rf3 Nxd3 15.
cxd3 b5 16. Rh3 b4 17. Ne4 dxe5 18. Rc1 Qb7 19. Nc6 Re8 20. Nxe7+ Rxe7 21. Nd6
Qd5 22. Bxb4 a5 23. Nxc8 1-0

[Event "World Senior Teams +50"]
[Site "Radebeul GER"]
[Date "2016.07.02"]
[Round "7.22"]
[Board "3"]
[White "Keeve, Martin"]
[Black "Beltz, Martina"]
[Result "0-1"]
[BlackTitle "WIM"]
[WhiteElo "1893"]
[BlackElo "2053"]
[WhiteTeam "Blue Wonder"]
[BlackTeam "Germany 2 Women"]
[WhiteFideId "12903205"]
[BlackFideId "4612485"]
[EventDate "2016.06.26"]

1. d4 d5 2. c4 e6 3. Nc3 c6 4. e3 f5 5. Nf3 Nf6 6. Ne5 Bd6 7. f4 O-O 8. Be2 b6
9. O-O Bb7 10. Bd2 Na6 11. a3 c5 12. cxd5 exd5 13. Rc1 Nc7 14. Re1 Ne6 15. Nf3
Rc8 16. Bd3 Ne4 17. Be2 Kh8 18. Rc2 Qf6 19. Bc1 Rfd8 20. b3 cxd4 21. Nxe4 dxe4
22. Rxc8 Bxc8 23. Nxd4 Bxf4 24. Qc2 Bxh2+ 25. Kxh2 Qh4+ 26. Kg1 Qxe1+ 27. Kh2
Nxd4 28. exd4 Qh4+ 29. Kg1 Be6 30. Be3 Qe1+ 31. Kh2 Rc8 32. Qb2 Qc3 0-1

[Event "World Senior Teams +50"]
[Site "Radebeul GER"]
[Date "2016.07.02"]
[Round "7.23"]
[Board "1"]
[White "Bayarmaa, Gendenjamc"]
[Black "Rewitz, Poul"]
[Result "1-0"]
[BlackTitle "FM"]
[WhiteElo "1929"]
[BlackElo "2202"]
[WhiteTeam "Mongolia Women"]
[BlackTeam "SK 1968"]
[WhiteFideId "4900189"]
[BlackFideId "1401033"]
[EventDate "2016.06.26"]

1. d4 g6 2. Nf3 Bg7 3. Bf4 f5 4. c3 c6 5. e3 Nf6 6. Bc4 d6 7. Ng5 Nd5 8. Nf3 Nd7
9. O-O N7f6 10. h3 Be6 11. Nbd2 Qd7 12. Re1 h6 13. Bh2 b5 14. Bd3 g5 15. e4 Nf4
16. Bxf4 gxf4 17. e5 Ne4 18. exd6 exd6 19. Nxe4 fxe4 20. Bxe4 O-O-O 21. Bxc6
Qxc6 22. Rxe6 Rhe8 23. Qe2 Qd7 24. Re1 Rxe6 25. Qxe6 Qxe6 26. Rxe6 Kd7 27. Rg6
Bf8 28. Rf6 Be7 29. Rxf4 b4 30. c4 a5 31. Re4 a4 32. Nd2 Rg8 33. Kf1 Bg5 34. f4
Bh4 35. g4 d5 36. Re5 dxc4 37. Nxc4 Bg3 38. Rf5 Re8 39. Kg2 Bh4 40. Re5 Rf8 41.
Kf3 Bg5 42. f5 Rh8 43. Ke4 b3 44. a3 Rd8 45. Re6 Rc8 46. Kd3 h5 47. Ne5+ 1-0

[Event "World Senior Teams +50"]
[Site "Radebeul GER"]
[Date "2016.07.02"]
[Round "7.23"]
[Board "2"]
[White "Mortensen, John"]
[Black "Battsengel, Shirchin"]
[Result "1-0"]
[BlackTitle "WFM"]
[WhiteElo "2077"]
[BlackElo "1956"]
[WhiteTeam "SK 1968"]
[BlackTeam "Mongolia Women"]
[WhiteFideId "1409190"]
[BlackFideId "4900391"]
[EventDate "2016.06.26"]

1. e4 c5 2. Nf3 Nc6 3. Bb5 a6 4. Bxc6 dxc6 5. d3 Bg4 6. h3 Bxf3 7. Qxf3 e5 8.
Qg3 Qf6 9. Be3 Ne7 10. Bxc5 Nf5 11. Qf3 Bxc5 12. Qxf5 Qd6 13. O-O g6 14. Qg5 f6
15. Qg3 O-O-O 16. Nd2 Rhg8 17. Kh1 g5 18. Nc4 Qd7 19. Qg4 h5 20. Qxd7+ Rxd7 21.
g3 h4 22. Kg2 Rh7 23. g4 Rd8 24. Ne3 Rhd7 25. Nf5 Kc7 26. Rfd1 b5 27. Kf3 a5 28.
a4 Bb6 29. Ke2 b4 30. c3 c5 31. Ne3 Rd6 32. Rac1 Kb7 33. Nd5 R8d7 34. f3 Bd8 35.
Kd2 Ka6 36. Kc2 Kb7 37. Kb3 Bb6 38. Rc2 Ka6 39. Rdc1 Ba7 40. cxb4 axb4 41. Ka2
Ka5 42. b3 Ka6 43. Kb2 Ka5 44. Rd1 Ka6 45. Kc1 Ka5 46. Kd2 Ka6 47. Kc1 Ka5 48.
Kb2 Ka6 49. Rdc1 Rb7 50. Rc4 Ka5 51. Kc2 Rbd7 52. Kd2 Rb7 53. R4c2 Ka6 54. Rf1
Rbd7 55. d4 exd4 56. f4 Re6 57. Kd3 Rxd5 58. exd5 Re3+ 59. Kd2 Rxh3 60. fxg5
fxg5 61. d6 Kb6 62. Rf7 Rh2+ 63. Kc1 Rxc2+ 64. Kxc2 Bb8 65. d7 Kc7 66. Rf8 1-0

[Event "World Senior Teams +50"]
[Site "Radebeul GER"]
[Date "2016.07.02"]
[Round "7.23"]
[Board "3"]
[White "Soyolmaa, Dashdondog"]
[Black "Cordes, Steffen"]
[Result "1/2-1/2"]
[WhiteTitle "WCM"]
[WhiteElo "1923"]
[BlackElo "1926"]
[WhiteTeam "Mongolia Women"]
[BlackTeam "SK 1968"]
[WhiteFideId "4900146"]
[BlackFideId "1404644"]
[EventDate "2016.06.26"]

1. e4 c5 2. Nf3 g6 3. d4 cxd4 4. Nxd4 Bg7 5. c3 Nc6 6. Be3 Nf6 7. Nd2 O-O 8. Be2
d5 9. Nxc6 bxc6 10. Qa4 Qc7 11. O-O e5 12. f3 Be6 13. Kh1 Nd7 14. Rad1 a5 15. a3
Nb6 16. Qc2 a4 17. c4 d4 18. Bf2 c5 19. Bd3 Nc8 20. Rb1 Nd6 21. Bg3 f6 22. f4
Qc6 23. fxe5 fxe5 24. Rxf8+ Kxf8 25. Nf3 Nf7 26. b4 axb3 27. Rxb3 Qa6 28. Qb2
Bxc4 29. Rb8+ Rxb8 30. Qxb8+ Ke7 31. Qc7+ Ke8 32. Qb8+ Kd7 33. Bxc4 Qxc4 34.
Qb7+ Ke8 35. Qc6+ Ke7 36. Qc7+ Ke8 37. Qc6+ Ke7 1/2-1/2

[Event "World Senior Teams +50"]
[Site "Radebeul GER"]
[Date "2016.07.02"]
[Round "7.23"]
[Board "4"]
[White "David, Anton"]
[Black "Serjmyadag, Damdin"]
[Result "1/2-1/2"]
[WhiteElo "1772"]
[BlackElo "1949"]
[WhiteTeam "SK 1968"]
[BlackTeam "Mongolia Women"]
[WhiteFideId "1402072"]
[BlackFideId "4900510"]
[EventDate "2016.06.26"]

1. d4 Nf6 2. c4 g6 3. Nc3 Bg7 4. e4 d6 5. Be2 Nc6 6. Nf3 e5 7. d5 Ne7 8. b4 O-O
9. O-O Ne8 10. Rb1 Kh8 11. c5 f5 12. Ng5 f4 13. Ne6 Bxe6 14. dxe6 Nc6 15. f3 Qe7
16. cxd6 cxd6 17. Bc4 a6 18. a4 Rc8 19. Nd5 Qd8 20. b5 Ne7 21. Qb3 Nxd5 22. Bxd5
Qb6+ 23. Kh1 a5 24. Ba3 Bf6 25. Rbc1 Ng7 26. Rcd1 1/2-1/2

[Event "World Senior Teams +50"]
[Site "Radebeul GER"]
[Date "2016.07.02"]
[Round "7.24"]
[Board "1"]
[White "Buchholz, Ralf"]
[Black "Siggelkow, Axel"]
[Result "0-1"]
[WhiteElo "1926"]
[BlackElo "2038"]
[WhiteTeam "Deutsche Schach-Loewen"]
[BlackTeam "BSV Chemie Radebeul"]
[WhiteFideId "24693910"]
[BlackFideId "24681350"]
[EventDate "2016.06.26"]

1. d4 Nf6 2. c4 c5 3. d5 b5 4. e3 bxc4 5. Bxc4 d6 6. Nc3 g6 7. Nge2 Bg7 8. O-O
O-O 9. e4 Ba6 10. Qd3 Bxc4 11. Qxc4 Nbd7 12. f4 Rb8 13. Rb1 Rb4 14. Qd3 Qb8 15.
b3 c4 16. bxc4 Nc5 17. Rxb4 Qxb4 18. Qf3 Qxc4 19. e5 Nfe4 20. Nxe4 Nxe4 21. exd6
exd6 22. Rd1 f5 23. a3 Rb8 24. Qd3 Qa4 25. Nd4 Bxd4+ 26. Qxd4 Qxd4+ 27. Rxd4 Rb1
28. Rc4 Nc5 29. Kf2 Nb3 30. Rc8+ Kf7 31. Rc7+ Kf6 32. Rxh7 Rxc1 33. Ke2 Rc5 34.
Rb7 Na5 35. Rxa7 Rxd5 36. h3 Nc4 37. g4 fxg4 38. hxg4 Rd4 39. g5+ Ke6 40. Rg7
Rxf4 41. Rxg6+ Kf5 42. Rg8 Rg4 43. a4 Rxg5 44. Rc8 Rg4 45. Rb8 Ke4 46. Re8+ Kd4
47. Ra8 Rg2+ 48. Kf3 Ra2 49. Ra6 d5 50. Ra7 Kc3 0-1

[Event "World Senior Teams +50"]
[Site "Radebeul GER"]
[Date "2016.07.02"]
[Round "7.24"]
[Board "2"]
[White "Westphal, Norbert"]
[Black "Grosselohmann, Gerhard"]
[Result "1-0"]
[WhiteElo "1965"]
[BlackElo "2004"]
[WhiteTeam "BSV Chemie Radebeul"]
[BlackTeam "Deutsche Schach-Loewen"]
[WhiteFideId "12973610"]
[BlackFideId "4645219"]
[EventDate "2016.06.26"]

1. Nf3 c5 2. g3 g6 3. Bg2 Bg7 4. O-O Nf6 5. c3 d5 6. d3 O-O 7. Bg5 h6 8. Be3
Nbd7 9. Qc1 Kh7 10. d4 b6 11. c4 Ba6 12. cxd5 Rc8 13. Qd1 Ng4 14. Bf4 Bb7 15.
Nc3 Ngf6 16. e4 cxd4 17. Nxd4 Nc5 18. Re1 Ba6 19. Be3 Nd3 20. Nc6 Qd7 21. Re2
Ng4 22. Bd4 Bxd4 23. Nxd4 Nxb2 24. Rxb2 Rxc3 25. Ne6 Rfc8 26. Bh3 f5 27. exf5
gxf5 28. Rd2 Qd6 29. Bxg4 fxg4 30. Qxg4 Qe5 31. Rad1 R3c4 32. Qf3 Kg8 33. h4 Re4
34. Nf4 Qf5 35. Kh2 Rf8 36. Rd4 Re2 37. R1d2 Re1 38. Qh5 Qxh5 39. Nxh5 Be2 40.
Nf4 Bf3 41. Ng2 Ra1 42. Rf4 Rxf4 43. gxf4 Kf7 44. Ne3 Kf6 45. d6 exd6 46. Rxd6+
Ke7 47. Rxh6 Rxa2 48. Kg3 Be4 49. f5 b5 50. Re6+ Kf7 51. Rxe4 a5 52. h5 b4 53.
h6 b3 54. Nd1 b2 55. Nxb2 Rxb2 56. Rc4 Rb8 57. Rc6 Rh8 58. Kf4 a4 59. Ra6 a3 60.
Ra7+ Kf6 61. Rxa3 Rb8 62. Ra6+ Kf7 63. Kg5 Rg8+ 64. Rg6 Ra8 65. Rg7+ Kf8 66. Kg6
Ra1 67. Rf7+ Ke8 68. h7 Rg1+ 69. Kf6 Rh1 70. Ra7 1-0

[Event "World Senior Teams +50"]
[Site "Radebeul GER"]
[Date "2016.07.02"]
[Round "7.25"]
[Board "1"]
[White "Hilbig, Dieter"]
[Black "Kracht, Helmut"]
[Result "1/2-1/2"]
[WhiteElo "2014"]
[BlackElo "2022"]
[WhiteTeam "SG Gera/ Meuselwitz"]
[BlackTeam "SK Kaltenkirchen"]
[WhiteFideId "24642851"]
[BlackFideId "4690567"]
[EventDate "2016.06.26"]

1. e4 c5 2. Nc3 Nc6 3. f4 g6 4. Nf3 Bg7 5. Bb5 Nd4 6. O-O Nxb5 7. Nxb5 d5 8.
exd5 a6 9. Nc3 Nf6 10. d4 c4 11. Qe2 Nxd5 12. Nxd5 Qxd5 13. c3 Bf5 14. Re1 e6
15. Ne5 b5 16. g4 Bxe5 17. gxf5 Bd6 18. fxe6 fxe6 19. Qxe6+ Qxe6 20. Rxe6+ Kd7
21. Re4 Rae8 22. Rxe8 Rxe8 23. Bd2 Re2 24. Rd1 Ke6 25. h3 Kf5 26. Bc1 Ke4 27.
Kf1 Rh2 28. Kg1 Re2 1/2-1/2

[Event "World Senior Teams +50"]
[Site "Radebeul GER"]
[Date "2016.07.02"]
[Round "7.25"]
[Board "2"]
[White "Schiller, Dirk"]
[Black "Kohl, Torsten"]
[Result "1/2-1/2"]
[WhiteElo "1776"]
[BlackElo "1796"]
[WhiteTeam "SK Kaltenkirchen"]
[BlackTeam "SG Gera/ Meuselwitz"]
[WhiteFideId "1270380"]
[BlackFideId "24638870"]
[EventDate "2016.06.26"]

1. e4 c6 2. Nc3 d5 3. d3 dxe4 4. Nxe4 Bf5 5. Be3 Nd7 6. g3 Ngf6 7. Nc3 e6 8. Bg2
Be7 9. Nge2 O-O 10. O-O Bg4 11. h3 Bh5 12. Qc1 Nd5 13. Bd2 Rc8 14. Nf4 Nxf4 15.
Bxf4 Nb6 16. Ne4 Nd5 17. Bd2 Qb6 18. Rb1 Rfd8 19. a3 Bg6 20. Qe1 Qc7 21. Qe2 Nf6
22. Bf4 Qd7 23. Nc3 Nd5 24. Bd2 Nxc3 25. Bxc3 b6 26. Rfe1 Bc5 27. Kh2 Bd4 28.
Bxd4 Qxd4 29. Qe3 c5 30. b3 h6 31. a4 Rc7 32. Re2 Rd6 33. Rbe1 a6 34. Be4 Qxe3
35. Rxe3 Bxe4 36. Rxe4 Rd4 37. Kg2 Rcd7 38. f4 g6 39. Kf3 Kg7 40. R1e2 R7d6 41.
Re5 1/2-1/2

[Event "World Senior Teams +50"]
[Site "Radebeul GER"]
[Date "2016.07.02"]
[Round "7.25"]
[Board "3"]
[White "Hilbert, Stephan-Joerg"]
[Black "Nowack, Achim"]
[Result "0-1"]
[WhiteElo "1839"]
[BlackElo "1790"]
[WhiteTeam "SG Gera/ Meuselwitz"]
[BlackTeam "SK Kaltenkirchen"]
[WhiteFideId "12904244"]
[BlackFideId "24659185"]
[EventDate "2016.06.26"]

1. b4 e5 2. Bb2 Bxb4 3. Bxe5 Nf6 4. c4 Nc6 5. Bb2 O-O 6. a3 Ba5 7. Nf3 d5 8.
cxd5 Nxd5 9. e3 Bf5 10. Be2 a6 11. O-O Qd6 12. Qa4 Nb6 13. Qh4 f6 14. d4 Rae8
15. Nbd2 Bxd2 16. Nxd2 Na4 17. Bc1 b5 18. Re1 Ne7 19. Bf3 Bg6 20. Qg3 Qd7 21. h4
Bd3 22. Nb3 Nf5 23. Qh3 Qd6 24. Bd2 Rf7 25. Bb4 Qd7 26. Rac1 Be4 27. Bg4 g6 28.
Qh2 h5 29. Bh3 Qd8 30. Bxf5 gxf5 31. Qf4 Rg7 32. f3 Bd5 33. Nc5 Nxc5 34. Rxc5 c6
35. e4 fxe4 36. fxe4 Rg4 37. Qf5 Bxe4 38. Qxh5 Qxd4+ 39. Kh2 Rxg2+ 0-1

[Event "World Senior Teams +50"]
[Site "Radebeul GER"]
[Date "2016.07.02"]
[Round "7.26"]
[Board "3"]
[White "Gerhardt, Peter-Michael"]
[Black "Mueggenburg, Rolf"]
[Result "1/2-1/2"]
[WhiteElo "2026"]
[BlackElo "1755"]
[WhiteTeam "Stoertebeker"]
[BlackTeam "Schachfreunde MV"]
[WhiteFideId "4638379"]
[BlackFideId "4670965"]
[EventDate "2016.06.26"]

1. d4 Nf6 2. c4 c6 3. Nc3 e6 4. e4 d6 5. Nf3 Be7 6. Bd3 a6 7. a4 c5 8. d5 e5 9.
O-O Bg4 10. h3 Bd7 11. Be3 Qc8 12. Nd2 g5 13. Bxg5 Rg8 14. f4 h6 15. fxe5 Rxg5
16. exf6 Bxh3 17. Rf2 Bxf6 18. Qf3 Bd4 19. Qxf7+ Kd8 20. Qf8+ Kc7 21. Qxc8+ Kxc8
22. Bf1 Nd7 23. Nf3 Bxf2+ 24. Kxf2 Bg4 25. Nxg5 hxg5 26. Kg3 Ne5 27. b3 Kc7 28.
a5 Rc8 1/2-1/2

[Event "World Senior Teams +50"]
[Site "Radebeul GER"]
[Date "2016.07.02"]
[Round "7.27"]
[Board "1"]
[White "Mottonen, Ari"]
[Black "Rorvik, Jon F."]
[Result "1/2-1/2"]
[WhiteElo "1987"]
[BlackElo "2145"]
[WhiteTeam "Finland"]
[BlackTeam "Norway Mix"]
[WhiteFideId "504360"]
[BlackFideId "1501852"]
[EventDate "2016.06.26"]

1. Nf3 d5 2. g3 Nf6 3. Bg2 Nbd7 4. O-O e5 5. c4 c6 6. Qc2 Be7 7. d3 O-O 8. a3
Re8 9. e4 Bd6 10. exd5 cxd5 11. Nbd2 Nf8 12. b4 Bf5 13. Nh4 Be6 14. Bb2 Rc8 15.
Qa4 Bb8 16. c5 Ng6 17. Nxg6 hxg6 18. Rfe1 Bf5 19. Qb3 b6 20. cxb6 Qxb6 21. h3
Qb5 22. Nf3 d4 23. Bf1 Be6 24. Qd1 Bd5 25. Rc1 Rxc1 26. Bxc1 Bb7 27. Bg2 Ba6 28.
Bf1 Bb7 29. Bg2 Ba6 30. Bf1 Qd7 31. g4 Qd6 32. Bg2 Bb7 33. Bg5 Qd7 34. Nd2 Bxg2
35. Kxg2 Qc6+ 1/2-1/2

[Event "World Senior Teams +50"]
[Site "Radebeul GER"]
[Date "2016.07.02"]
[Round "7.27"]
[Board "2"]
[White "Ilyes, Peter"]
[Black "Munukka, Timo"]
[Result "1/2-1/2"]
[WhiteElo "1810"]
[BlackElo "1945"]
[WhiteTeam "Norway Mix"]
[BlackTeam "Finland"]
[WhiteFideId "1524305"]
[BlackFideId "502723"]
[EventDate "2016.06.26"]

1. e4 c5 2. Nf3 d6 3. d4 cxd4 4. Nxd4 Nf6 5. Nc3 a6 6. Be2 e6 7. Be3 Qc7 8. O-O
Nbd7 9. f4 b5 10. Bf3 Bb7 11. a3 Be7 12. Re1 O-O 13. Bf2 Rfd8 14. Qe2 Nb6 15.
Nd1 Rac8 16. b3 Nbd7 17. Rc1 Qa5 18. Ra1 d5 19. exd5 Bxd5 20. b4 Bxf3 21. Qxf3
Qc7 22. Ne3 Nb6 23. Rad1 Nfd5 24. Nxd5 Nxd5 25. f5 Bf6 26. fxe6 Nc3 27. Rd3 Na4
28. e7 Bxe7 29. Nc6 Rxd3 30. Nxe7+ Qxe7 31. Rxe7 Rxf3 32. gxf3 h6 33. Ra7 Rxc2
34. Rxa6 Ra2 35. Ra5 Rxa3 36. Kg2 Rb3 37. Rxb5 Kh7 38. Rb8 Nc3 39. Bc5 1/2-1/2

[Event "World Senior Teams +50"]
[Site "Radebeul GER"]
[Date "2016.07.02"]
[Round "7.27"]
[Board "3"]
[White "Karppinen, Martti"]
[Black "Bjorgvik, Jan Arne"]
[Result "0-1"]
[WhiteElo "1916"]
[BlackElo "1803"]
[WhiteTeam "Finland"]
[BlackTeam "Norway Mix"]
[WhiteFideId "507369"]
[BlackFideId "1503766"]
[EventDate "2016.06.26"]

1. d4 d5 2. c4 e6 3. Nf3 Nf6 4. Bg5 Be7 5. e3 h6 6. Bxf6 Bxf6 7. Nc3 c6 8. Bd3
O-O 9. O-O b6 10. cxd5 exd5 11. Re1 Bg4 12. Rc1 b5 13. Bb1 Nd7 14. Ne2 Rc8 15.
Ng3 g6 16. h3 Be6 17. Qd3 Bg7 18. Rc3 Nf6 19. Rec1 Bd7 20. Ne5 Qb6 21. e4 dxe4
22. Nxe4 Bf5 23. Nxf6+ Bxf6 24. Qg3 Bxe5 25. Qxe5 Bxb1 26. Rxb1 Rfe8 27. Qf4
Rcd8 28. Qxh6 Rxd4 29. Rbc1 Rd6 30. Qf4 Rde6 31. Qf3 Re1+ 32. Rxe1 Rxe1+ 33. Kh2
c5 34. Qd5 Re2 35. Rf3 Qc7+ 36. g3 Rxb2 37. Kg2 b4 38. Qa8+ Kg7 39. Qd5 Re2 40.
Rf4 Qe7 41. Rh4 Re5 42. Qa8 Rh5 43. Re4 Qd7 44. h4 Rh8 0-1